Great preaching on the resurrection. (Record no. 7594)

000 -LEADER
fixed length control field 00703nam a2200205 a 4500
001 - CONTROL NUMBER
control field :::00005355$&:&@@
003 - CONTROL NUMBER IDENTIFIER
control field OkBaRHE
005 - DATE AND TIME OF LATEST TRANSACTION
control field 20000607103325.0
008 - FIXED-LENGTH DATA ELEMENTS--GENERAL INFORMATION
fixed length control field s1986 j 000 0 eng u
040 ## - CATALOGING SOURCE
Transcribing agency
100 1# - MAIN ENTRY--PERSONAL NAME
Personal name Hutson, Curtis,
245 10 - TITLE STATEMENT
Title Great preaching on the resurrection.
260 ## - PUBLICATION, DISTRIBUTION, ETC. (IMPRINT)
Place of publication, distribution, etc Murfreesboro, TN., :
Name of publisher, distributor, etc Sword of the Lord Publishers
Date of publication, distribution, etc 1986
300 ## - PHYSICAL DESCRIPTION
Extent 245 p. ;
Dimensions 24 cm.
650 ## - SUBJECT ADDED ENTRY--TOPICAL TERM
Topical term or geographic name as entry element Jesus Christ
General subdivision Resurrection
-- Sermons
650 ## - SUBJECT ADDED ENTRY--TOPICAL TERM
Topical term or geographic name as entry element Sermons, American
942 ## - ADDED ENTRY ELEMENTS (KOHA)
Source of classification or shelving scheme
Koha item type Books
Copies
Full call number Damaged status Copy number Permanent Location Shelving location Date acquired Not for loan Source of classification or shelving scheme Withdrawn status Date last seen Barcode Lost status Price effective from Koha item type
BT 481 .H8 1RHEMA Bible Training CollegeGeneral Stacks2010-04-14   2010-04-145355 2010-04-14Books
BT 481 .H8 2RHEMA Bible Training CollegeGeneral Stacks2010-04-14   2010-04-1416003 2010-04-14Books